000 00454nam a2200181Ia 4500
008 221030s9999 xx 000 0 und d
020 _a8131721018
041 _aEnglish
082 _a105.23
100 _aA. V. Aho
245 0 _aCompilers : Principles, Techniques & Tools
_cby A. V. Aho, M. S. Lam
250 _a2nd
260 _bPearson Education
_aNew Delhi
_c2011
300 _a1009
650 _aComputers
700 _aM. S. Lam
942 _cBK
999 _c9461
_d9461